000 00534nam a22001817a 4500
999 _c190182
_d190182
005 20220720113646.0
010 _aENG-133555
020 _a9789384597023
_c300.00
035 _aEN-117087
037 _bDBAD/PUB
082 _a881
100 _aMeera
245 _aListen, O Draupadi/
_cBy Meera
260 _aDelhi
_bAlokparv Prakashan
_c2015
270 _a1/6588, East Rohtas Nagar, Shahdara
_bDelhi
_e110032
_malokparv_prakashan@rediffmail.com
300 _a135p.
_bIndex
_c22cm(Hb)
942 _2ddc
_cEN
_h881
_mMEE